[Event "SRB-ch U16"]
[Site "Subotica"]
[Date "2021.05.05"]
[Round "4"]
[White "Ivanovic, Strahinja"]
[Black "Makaji, Andrej"]
[Result "1-0"]
[WhiteElo "1406"]
[BlackElo "1596"]
[PlyCount "71"]
[EventDate "2021.05.03"]
[EventType "swiss"]
[EventRounds "9"]
[EventCountry "SRB"]
[SourceTitle "EXT 2022"]
[Source "ChessBase"]
[SourceDate "2021.10.06"]
[SourceVersion "1"]
[SourceVersionDate "2021.10.06"]
[SourceQuality "1"]

1. e4 e6 2. d4 b6 3. Nc3 Bb7 4. Nf3 Bb4 5. Bd3 Ne7 6. a3 Bxc3+ 7. bxc3 0-0 8. h4 d6 9. h5 Nd7 10. Rh3 f5 11. Ng5 Rf6 12. d5 Nc5 13. Nxe6 Nxe6 14. dxe6 fxe4 15. Qg4 Bd5 16. Bxe4 Bxe6 17. Qg3 Bxh3 18. Bxa8 Bf5 19. Bf3 Bxc2 20. Bg5 Re6+ 21. Kd2 Bb3 22. Bg4 Re5 23. f4 Rd5+ 24. Kc1 Rc5 25. Kb2 Bc4 26. Re1 Qe8 27. Rxe7 Qb5+ 28. Kc1 Qa4 29. Qe1 Qxa3+ 30. Kd2 Rd5+ 31. Ke3 Qc5+ 32. Ke4 Rxg5 33. fxg5 Qxg5 34. Kf3 Bd5+ 35. Kg3 Bf7 36. Re8+ 1-0